Successful IT Projects (Record no. 33283)

MARC details
000 -LEADER
fixed length control field 00426nam a22001697a 4500
005 - DATE AND TIME OF LATEST TRANSACTION
control field 20230824113051.0
008 - FIXED-LENGTH DATA ELEMENTS--GENERAL INFORMATION
fixed length control field 230824b |||||||| |||| 00| 0 eng d
020 ## - INTERNATIONAL STANDARD BOOK NUMBER
ISBN 9781844806997
082 ## - DEWEY DECIMAL CLASSIFICATION NUMBER
Classification number 006.564
Item number DAL-S
100 ## - MAIN ENTRY--AUTHOR
Author Name Dalcher,Darren
245 ## - TITLE STATEMENT
Title Successful IT Projects
260 ## - PUBLICATION, DISTRIBUTION, ETC.
Place of Publication Australia:
Name of publisher, distributor, etc. Thomson,
Date of publication, distribution, etc. 2007
300 ## - PHYSICAL DESCRIPTION
Pages 345 pages
500 ## - GENERAL NOTE
General note Index Include.
650 ## - SUBJECT ADDED ENTRY--TOPICAL TERM
Subject / Department Information Technology
952 ## - LOCATION AND ITEM INFORMATION (KOHA)
-- 0
-- 0
Holdings
Lost status Damaged status Permanent Location Current Location Shelving Location Date acquired Full Call Number Accession No./Barcode Date last seen item type
    Superior Information Resource Center (SIRC) Superior University- Gold Campus Superior Information Resource Center (SIRC) Superior University- Gold Campus Information Technonolgy 08/24/2023 006.564 DAL-S 2007 19673 08/24/2023 BOOK

Powered by Koha